| 000 | 00346nam a2200133Ia 4500 | ||
|---|---|---|---|
| 008 | 240624s9999 xx 000 0 und d | ||
| 041 | _aeng | ||
| 082 | _a322.63228 HUL | ||
| 100 | _aHULL JOHN C | ||
| 245 | _aFUNDAMENTALS OF FUTURES AND OPTIONS MARK | ||
| 250 | _a(5th ed.) | ||
| 260 |
_c2012 _aNew Delhi _bPearson |
||
| 300 | _a572 : p. : cm. ; 25 | ||
| 999 |
_c24167 _d24167 |
||